De Durkheim a Mauss, l'invention du symbolique : sociologie et sciences des religions

Αποθηκεύτηκε σε:
Λεπτομέρειες βιβλιογραφικής εγγραφής
Κύριος συγγραφέας: Tarot, Camille
Μορφή: Βιβλίο
Γλώσσα:French
Δημοσίευση: Paris : Decouverte/M.A.U.S.S., 1999
Σειρά:Collection "Recherches". Serie "Bibliotheque du MAUSS"
Θέματα:
Ετικέτες: Προσθήκη ετικέτας
Δεν υπάρχουν, Καταχωρήστε ετικέτα πρώτοι!

MARC

LEADER 00000nam a2200000 i 4500
001 1/80162
008 050707s1999 fre d
020 |a 2-7071-2963-1 
035 |l 10078954 
040 |a GR-MY-UA  |b gre  |e aacr 
041 0 |a fre 
082 0 |a 301.9  |2 (22) 
100 1 |a Tarot, Camille. 
245 1 3 |a De Durkheim a Mauss, l'invention du symbolique :  |b sociologie et sciences des religions /  |c Camille Tarot ; preface d'Alain Caille 
260 |a Paris :   |b Decouverte/M.A.U.S.S.,   |c 1999 
300 |a 710 σ.;  |c 24 εκ. 
490 1 |a La collection "Recherches". "La bibliotheque du M.A.U.S.S." 
504 |a Περιέχει βιβλιογραφία (σ. 687-698) 
600 1 0 |a Durkheim Emile  |d 1858-1917. 
600 1 0 |a Mauss, Marcel,   |d 1872-1950. 
650 0 0 |a Sociology  |z France  |x History. 
650 0 0 |a Symbolism. 
650 0 0 |a Religion and sociology. 
830 0 |a Collection "Recherches". Serie "Bibliotheque du MAUSS" 
852 |a INST  |b LESVOS  |e 20050707  |h 301.9 TAR  |p 005100032046  |q 005100032046  |t BK  |y 0 
901 |a BIBL1-2005-2 
909 |a Λ  |b 121092 
920 |a ΕΠΕΑΕΚ ΚΟΙΝΩΝΙΚΗΣ ΑΝΘΡΩΠΟΛΟΓΙΑΣ ΚΑΙ ΙΣΤΟΡΙΑΣ  |y ΛΕΣΒΟΣ  |z 2005-04 
970 |a ΚΑΡΑ  |b ΓΙΑΣΕΜΗ  |z 2005/07/07